|
|
|
|
| LEADER |
00842cam a2200277 7i4500 |
| 001 |
0000023839 |
| 005 |
20091117090000.0 |
| 022 |
0 |
0 |
|a 1675-2465
|
| 090 |
0 |
0 |
|a P 297.576025
|b HAL
|
| 245 |
0 |
0 |
|a Halal pages 2009/2010.
|
| 260 |
0 |
0 |
|a Kuala Lumpur:
|b TM Info-Media,
|c 2009.
|
| 300 |
# |
# |
|a 176 p.
|
| 650 |
0 |
0 |
|a Candy
|
| 650 |
0 |
0 |
|a Banks and banking --
|x Religious aspects --
|x Islam --
|x Directories
|
| 650 |
0 |
0 |
|a Food processing plants
|
| 650 |
0 |
0 |
|a Oil palm
|
| 650 |
0 |
0 |
|a Cookery (Rice)
|
| 650 |
0 |
0 |
|a Tea
|
| 650 |
0 |
0 |
|a Halal food industry --
|x Directories --
|z Malaysia
|
| 650 |
0 |
0 |
|a Food --
|x Religious aspects --
|x Islam --
|x Directories
|
| 650 |
0 |
0 |
|a Coconut products
|
| 650 |
0 |
0 |
|a Herbs
|
| 650 |
0 |
0 |
|a Beverages
|
| 650 |
0 |
0 |
|a Confectionery
|
| 650 |
0 |
0 |
|a Spices
|
| 999 |
|
|
|a 000025733
|b Directories
|c Products
|e Business Information Centre
|